000 00519nam a2200193 a 4500
001 1771649783380
003 YourLibrary
005 20260221102928.0
008 260221s2001##################000#0#eng##
020 _a9781840647327
082 0 4 _a336.2
_bCRE.1
100 1 _aCreedy, John,
_eauthor.
245 1 0 _aTaxation and Economic Behaviour :
260 _bEdward Elgar Publishing,
_c2001.
300 _a362 pages
650 0 _aBusiness & Economics.
942 _cENGLISH
040 _aYourLibrary
_beng
_cYourLibrary
999 _c614880
_d614880